ბათუმის შოთა რუსთაველის სახელმწიფო უნივერსიტეტის ბიბლიოთეკა

Tools for teaching in an educationally mobile world / (ბიბ.ჩანაწერი № 58237)

000 -LEADER
fixed length control field 00882cam a2200205 i 4500
001 - CONTROL NUMBER
control field 18132023
005 - DATE AND TIME OF LATEST TRANSACTION
control field 20210927132158.0
008 - FIXED-LENGTH DATA ELEMENTS--GENERAL INFORMATION
fixed length control field 140429s2015 enk b 001 0 eng
020 ## - INTERNATIONAL STANDARD BOOK NUMBER
International Standard Book Number 9780415728010
080 ## - UNIVERSAL DECIMAL CLASSIFICATION NUMBER
Universal Decimal Classification number 378.125 C-25
100 1# - MAIN ENTRY--PERSONAL NAME
Personal name Carroll, Jude.
9 (RLIN) 12518
245 10 - TITLE STATEMENT
Title Tools for teaching in an educationally mobile world /
Statement of responsibility, etc. Jude Carroll.
264 #1 - PRODUCTION, PUBLICATION, DISTRIBUTION, MANUFACTURE, AND COPYRIGHT NOTICE
Place of production, publication, distribution, manufacture London ;
-- New York :
Name of producer, publisher, distributor, manufacturer Routledge, Taylor & Francis Group,
Date of production, publication, distribution, manufacture, or copyright notice 2015.
300 ## - PHYSICAL DESCRIPTION
Extent 203 pages ;
Dimensions 24 cm.
490 0# - SERIES STATEMENT
Series statement Internationalization in higher education series
653 ## - INDEX TERM--UNCONTROLLED
keyword სწავლების ინსტრუმენტები საგანმანათლებლო მობილურ სამყაროში
653 ## - INDEX TERM--UNCONTROLLED
keyword კოლეჯის სწავლება
653 ## - INDEX TERM--UNCONTROLLED
keyword ტრანსნაციონალური განათლება
942 ## - ADDED ENTRY ELEMENTS (KOHA)
Source of classification or shelving scheme
Koha item type წიგნი
ეგზემპლარები
Withdrawn status Lost status Source of classification or shelving scheme Damaged status Not for loan Permanent Location Current Location Shelving location Date acquired Cost, normal purchase price Full call number Barcode Date last seen Copy number Price effective from Koha item type Public note
          ბათუმის შოთა რუსთაველის სახელმწიფო უნივერსიტეტის მთავარი ბიბლიოთეკა ბათუმის შოთა რუსთაველის სახელმწიფო უნივერსიტეტის მთავარი ბიბლიოთეკა წიგნსაცავი 2021-09-27 79.50 378.125 C-25 61736 2021-09-27 61736 2021-09-27 წიგნი 79 ლ. 50 თ.
          ბათუმის შოთა რუსთაველის სახელმწიფო უნივერსიტეტის მთავარი ბიბლიოთეკა ბათუმის შოთა რუსთაველის სახელმწიფო უნივერსიტეტის მთავარი ბიბლიოთეკა წიგნსაცავი 2021-09-27 79.50 378.125 C-25 61737 2021-09-27 61737 2021-09-27 წიგნი 79 ლ. 50 თ.